Diario della prigionia: Lager XI-B
| 1. VerfasserIn: | |
|---|---|
| Beteiligte: | |
| Medienart: | Druck Buch |
| Sprache: | Italienisch |
| Veröffentlicht: |
Brescia
Scholé
2022
|
| In: |
Orso blu (205)
Jahr: 2022 |
| Online-Zugang: |
Inhaltsverzeichnis Klappentext |
| Bestand in Tübingen: | In Tübingen vorhanden. UB: KB 21 A 2611 |
| Verfügbarkeit prüfen: | HBZ Gateway |
| Subito Bestelldienst: | Jetzt bestellen. |
| Schlagwörter: |
MARC
| LEADER | 00000cam a2200000 c 4500 | ||
|---|---|---|---|
| 001 | 1818341433 | ||
| 003 | DE-627 | ||
| 005 | 20251226204029.0 | ||
| 007 | tu | ||
| 008 | 221010s2022 it ||||| 00| ||ita c | ||
| 020 | |a 9788828404446 |c : (29.00 EUR) |9 978-88-284-0444-6 | ||
| 035 | |a (DE-627)1818341433 | ||
| 035 | |a (DE-599)KXP1818341433 | ||
| 035 | |a (OCoLC)1348918509 | ||
| 035 | |a (ZDB-21-EIL)5218947 | ||
| 040 | |a DE-627 |b ger |c DE-627 |e rda | ||
| 041 | |a ita | ||
| 044 | |c XA-IT | ||
| 050 | 0 | |a D | |
| 082 | 0 | |a 940 | |
| 084 | |a 2,1 |2 ssgn | ||
| 100 | 1 | |a Lusetti, Domenico |d 1908-1971 |e VerfasserIn |0 (DE-588)1274673410 |0 (DE-627)1824436610 |4 aut | |
| 109 | |a Lusetti, Domenico 1908-1971 | ||
| 245 | 1 | 0 | |a Diario della prigionia |b Lager XI-B |c Domenico Lusetti ; con un saggio introduttivo di Paolo Corsini |
| 264 | 1 | |a Brescia |b Scholé |c 2022 | |
| 300 | |a 393 Seiten |b Illustrationen |c 21 cm | ||
| 336 | |a Text |b txt |2 rdacontent | ||
| 337 | |a ohne Hilfsmittel zu benutzen |b n |2 rdamedia | ||
| 338 | |a Band |b nc |2 rdacarrier | ||
| 490 | 1 | |a Orso blu |v 205 | |
| 500 | |a Diary | ||
| 500 | |a First publ. 1967 by Editeb, now with a new introduction | ||
| 500 | |a Domenico Lusetti (1908-1971) | ||
| 500 | |a Includes bibliographical references | ||
| 583 | 1 | |a Archivierung/Langzeitarchivierung gewährleistet |f FID |x XA-DE-BW |2 pdager |5 DE-21 | |
| 689 | 0 | 0 | |d g |0 (DE-588)4023349-2 |0 (DE-627)106304356 |0 (DE-576)208948686 |a Hannover |2 gnd |
| 689 | 0 | 1 | |d s |0 (DE-588)4041316-0 |0 (DE-627)106219685 |0 (DE-576)209044454 |a Nationalsozialismus |2 gnd |
| 689 | 0 | 2 | |d s |0 (DE-588)4079167-1 |0 (DE-627)106075403 |0 (DE-576)209211199 |a Zweiter Weltkrieg |2 gnd |
| 689 | 0 | 3 | |d s |0 (DE-588)4032352-3 |0 (DE-627)10626219X |0 (DE-576)208996451 |a Konzentrationslager |2 gnd |
| 689 | 0 | 4 | |d s |0 (DE-588)4120618-6 |0 (DE-627)104116706 |0 (DE-576)209536624 |a Kriegsgefangenschaft |2 gnd |
| 689 | 0 | 5 | |d s |0 (DE-588)4236768-2 |0 (DE-627)104891785 |0 (DE-576)210399570 |a Italienischer Kriegsgefangener |2 gnd |
| 689 | 0 | 6 | |d s |0 (DE-588)4079262-6 |0 (DE-627)104675039 |0 (DE-576)209211776 |a Widerstand |2 gnd |
| 689 | 0 | |5 (DE-627) | |
| 700 | 1 | |a Corsini, Paolo |d 1947- |e VerfasserIn einer Einleitung |0 (DE-588)1028335059 |0 (DE-627)730583589 |0 (DE-576)375826076 |4 win | |
| 830 | 0 | |a Orso blu |v 205 |9 205 |w (DE-627)775227870 |w (DE-576)350158614 |w (DE-600)2749807-4 |x 2282-6076 |7 am | |
| 856 | 4 | 2 | |u https://swbplus.bsz-bw.de/bsz1818341433inh.htm |m V:DE-576 |m B:DE-21 |v 20221208153804 |3 Inhaltsverzeichnis |7 1 |
| 856 | 4 | 2 | |u https://swbplus.bsz-bw.de/bsz1818341433kla.htm |m V:DE-576 |m B:DE-21 |v 20221208153804 |3 Klappentext |7 1 |
| 951 | |a BO | ||
| ELC | |b 1 | ||
| LOK | |0 000 xxxxxcx a22 zn 4500 | ||
| LOK | |0 001 4202726626 | ||
| LOK | |0 003 DE-627 | ||
| LOK | |0 004 1818341433 | ||
| LOK | |0 005 20221205120129 | ||
| LOK | |0 008 221027||||||||||||||||ger||||||| | ||
| LOK | |0 040 |a DE-21 |c DE-627 |d DE-21 | ||
| LOK | |0 852 |a DE-21 | ||
| LOK | |0 852 1 |c KB 21 A 2611 |9 00 | ||
| LOK | |0 935 |a krim | ||
| LOK | |0 938 |a 2212 |f 34 | ||
| LOK | |0 939 |a 27-10-22 |b l01 | ||
| ORI | |a SA-MARC-krimdoka001.raw | ||
| SIG | |a UB: KB 21 A 2611 | ||
| TIM | |a 100019190101_100019451231 |b Nationalsozialismus 1919-1945 | ||
